| 000 | 01319nam a2200385 a 4500 | ||
|---|---|---|---|
| 999 |
_c7546 _d7546 |
||
| 001 | 991007459819706706 | ||
| 003 | OSt | ||
| 005 | 20211216120158.0 | ||
| 008 | 990506s1996 ve a ||a 000 ||spa|c | ||
| 020 | _a9806388062 | ||
| 035 | _a(ES-BaCBU)b2670013x-34csuc_network | ||
| 035 | _a(ES-BaCBU).b2670013x | ||
| 035 | _a(ccuc001)b2670013x | ||
| 035 | _a(OCoLC)807114567 | ||
| 040 |
_aES-BaCBU _bcat _cCDMR |
||
| 043 | _as-ve--- | ||
| 100 | 1 | _aBello León, Jaime | |
| 245 | 1 | 0 |
_aEn busca de la definición perdida del periodismo cultural diario entre la modernidad y la posmodernidad / _cJaime Bello León, Ana Gondelles, María E. Quiaro ; tutor, Marcelino Bisbal |
| 260 |
_aCaracas : _bFundación Carlos Eduardo Frias, _c1996 |
||
| 300 |
_a172 p. : _bil.; _c23 cm |
||
| 500 | _aTít. destacat a la coberta: Periodismo cultural diario | ||
| 504 | _aBibliografia | ||
| 650 | 0 | 4 | _aComunicació i cultura |
| 650 | 0 | 4 |
_aPremsa _zVeneçuela |
| 650 | 0 | 4 |
_aPeriodisme _zVeneçuela |
| 700 | 1 | _aGondelles, Ana | |
| 700 | 1 |
_aQuiaro, María E _q(María Elisa) |
|
| 700 | 1 | _aBisbal, Marcelino | |
| 740 | 0 | _aPeriodismo cultural diario | |
| 830 | 0 |
_aCanícula ; _v9 |
|
| 907 |
_a.b2670013x _b24-03-20 _c08-05-08 _d06-05-99 _em _fa _g- _hspa _ive _j0 _k1 |
||
| 908 | _aUAB | ||
| 940 |
_aOCLC _dUAB |
||
| 942 |
_2udc _cMON |
||